000 01329cam a2200313 a 4500
001 14890130
005 20161214114947.0
008 070613s2008 enka b 001 0 eng
010 _a2007024630
020 _a9780521858717 (hardback)
020 _a0521858712 (hardback)
035 _a(OCoLC)ocn144598187
035 _a(OCoLC)144598187
040 _aDLC
_cDLC
_dYDX
_dBAKER
_dBTCTA
_dYDXCP
_dDLC
050 0 0 _aHB139
_b.G732 2008
082 0 0 _a330.01519542
_222
_bGRE
100 1 _aGreenberg, Edward,
_d1936-
_93330
245 1 0 _aIntroduction to Bayesian Econometrics /
_cEdward Greenberg.
260 _aCambridge ;
_aNew York :
_bCambridge University Press,
_cc2008.
300 _axv, 205 p. :
_bill. ;
_c27 cm.
504 _aIncludes bibliographical references (p. 195-200) and indexes.
650 0 _aEconometrics.
_93331
650 0 _93332
_aBayesian statistical decision theory
856 4 1 _3Table of contents only
_uhttp://www.loc.gov/catdir/toc/ecip0720/2007024630.html
856 4 2 _3Publisher description
_uhttp://www.loc.gov/catdir/enhancements/fy0729/2007024630-d.html
856 4 2 _3Contributor biographical information
_uhttp://www.loc.gov/catdir/enhancements/fy0729/2007024630-b.html
942 _2ddc
_cBB
999 _c11223
_d11223